00455nam a22001337a 4500082001200000100004900012245004900061260006400110300000700174650003000181942000700211952008600218999001700304 a266 COU aCouncil of the Evangilical Church in Germany aThe Devolopment Service of the Church-, .... aGermanybCouncil of the Evangilical Church in Germanyc1973 a65 aChurch & Social Problems  cBK 00104070aHMIbHMId2016-04-18l0o266 COUp11-1769r2016-04-18w2016-04-18yBK c20060d20060